Los movimientos campesinos medievales y el levantamiento inglés de 1381 /

Guardado en:
Bibliografiske detaljer
Hovedforfatter: Hilton, Rodney (autor)
Format: Bog
Sprog:spansk
Udgivet: Madrid, España : Siglo XXI, 1978, c1978
Serier:(Historia de los Movimientos Sociales)
Fag:
Tags: Tilføj Tag
Ingen Tags, Vær først til at tagge denne postø!

MARC

LEADER 00000nam^a2200000^a^4500
001 000186819
005 20250521000000.0
009 20260310102240.205
020 |a 84-323-0310-0 
037 |a Acervo ITESO - Biblioteca 
041 |a ESP 
082 |a 909.  |b MOV V. 7 
100 |a Hilton, Rodney  |e (autor) 
240 1 1 |a [Historia de los movimientos sociales] 
245 1 4 |a Los movimientos campesinos medievales y el levantamiento inglés de 1381 /  |c R. Hilton ; tr. por Aurelio Martínez Benito. 
264 4 |a Madrid, España :  |b Siglo XXI,  |c 1978, c1978 
300 |a 321 p. 
336 |a texto  |b txt  |2 rdacontenido 
337 |a sin mediación  |b n  |2 rdamedio 
338 |a volumen  |b nc  |2 rdasoporte 
440 1 |a (Historia de los Movimientos Sociales) 
500 |a Traducción de: Bond Men Made Free-Medieval Peasant Movements and the English Rising 
649 |a XX 
650 |a Feudalismo -  |z Europa -  |x Historia 
650 |a Movimientos Campesinos -  |z Inglaterra -  |x Historia -  |y Siglo XIV 
650 |a Movimientos Campesinos -  |z Inglaterra -  |x Historia -  |y Período Medieval y Renacentista, 1066-1649 
650 |a Movimientos Campesinos -  |z Europa -  |x Historia -  |y 476-1492 
650 |a Movimientos Sociales -  |z Inglaterra -  |x Historia -  |y Siglo XIV 
650 |a Movimientos Sociales -  |z Inglaterra -  |x Historia -  |y Período Medieval y Renacentista, 1066-1649 
650 |a Movimientos Sociales -  |z Europa -  |x Historia -  |y 476-1492 
650 |a Desarrollo Rural -  |z Inglaterra -  |x Historia -  |y Siglo XIV 
650 |a Desarrollo Rural -  |z Inglaterra -  |x Historia -  |y Período Medieval y Renacentista, 1066-1649 
650 |a Desarrollo Rural -  |z Europa -  |x Historia -  |y 476-1492 
650 |a Desarrollo Económico-Social -  |z Inglaterra -  |x Historia -  |y Siglo XIV 
650 |a Desarrollo Económico-Social -  |z Inglaterra -  |x Historia -  |y Período Medieval y Renacentista, 1066-1649 
650 |a Desarrollo Económico-Social -  |z Europa -  |x Historia -  |y 476-1492 
650 |a Economía -  |z Inglaterra -  |x Historia -  |y Siglo XIV 
650 |a Economía -  |z Inglaterra -  |x Historia -  |y Período Medieval y Renacentista, 1066-1649 
650 |a Economía -  |z Europa -  |x Historia -  |y 476-1492 
650 |a Inglaterra -  |x Historia -  |y Siglo XIV 
650 |a Inglaterra -  |x Historia -  |y Período Medieval y Renacentista, 1066-1649 
650 |a Europa -  |x Historia -  |y 476-1492 
650 |a Edad Media -  |x Historia 
910 |a Fondo Armando Suárez Gómez 
920 |a Impresos - Libros 
930 |a Fondos Especiales 
905 |a 111 
901 |a 0700006035  |b IT2  |c ESP  |u 20250521 
902 |a https://opac.biblio.iteso.mx/vufind/Record/000186819